000 00946nam a2200253Ia 4500
003 GCL
008 140319s9999 xx 000 0 ara d
040 _aGCL /
_cGCL
082 0 4 _aق
_b962
_bح د
100 1 _aحمادة محمود اسماعيل
245 1 0 _aدورالاقاليم فى تاريخ مصرالسياسى قراءةفىالتاريخ السياسى لمديريةالقليوبية 1936-1919 /
_cحمادة محمود اسماعيل
260 _a[S.N] :
_bالهيئة المصرية العامة للكتاب ،
_c1991
300 _a302 ص
490 _aمصر النهضة
_v0
650 0 4 _aالعصر الحديث
650 0 4 _aمصر
650 0 4 _aتاريخ
650 0 4 _aالاحوال الاجتماعية
650 0 4 _aالاحوال السياسية
650 0 4 _aالملك احمد فؤاد (1923 - 1936)
650 0 4 _aالثورات الوطنية
650 0 4 _aالقليوبية
942 _2ddc
_cBK
999 _c36296
_d36296